000
00243nam a2200109Ia 4500
008
240625s9999 xx 000 0 und d
041
_a
eng
082
_a
332.632 GRA
100
_a
GRAHAM BENJAMIN
245
_a
SECURITY ANALYSIS
260
_c
2008
999
_c
35016
_d
35016